2nd Letters Take the Cake Quiz Stats

 Plays Quiz Updated Dec 13, 2013

Challenge
Share
Tweet
Embed
Score 0/26 Timer 01:30
0 Plays Today
% Correct
???
99.8%
???
89.9%
???
88.1%
???
86.8%
???
83.9%
???
82.6%
???
80.7%
???
78.1%
???
75.5%
???
74.6%
???
72.8%
???
70%
???
68.2%
% Correct
???
66.5%
???
63.5%
???
61.6%
???
58.6%
???
53.4%
???
50.3%
???
47.3%
???
44.8%
???
42.5%
???
39.8%
???
33.9%
???
32.8%
???
32.2%

You're not logged in!

Compare scores with friends on all Sporcle quizzes.
Join for Free
OR
Log In

You Might Also Like...

Show Comments

Extras

Top Quizzes Today


Score Distribution

Your Account Isn't Verified!

In order to create a playlist on Sporcle, you need to verify the email address you used during registration. Go to your Sporcle Settings to finish the process.

Report this User

Report this user for behavior that violates our Community Guidelines.

Details: